Informe Anual: 1997
Se presenta el informe anual del Banco Europeo de Inversiones para el año de 1997. Se presentan datos sobre el apoyo a las políticas de cooperación con terceros países, captación de recursos, los órganos decisorios y el funcionamiento del BEI, y los aspectos financieros
Na minha lista:
| Autor Corporativo: | |
|---|---|
| Formato: | Texto |
| Idioma: | Spanish |
| Publicado em: |
s.l.:
BEI
|
| Assuntos: | |
| Tags: |
Adicionar Tag
Sem tags, seja o primeiro a adicionar uma tag!
|
MARC
| LEADER | 00000 a a2200000 04500 | ||
|---|---|---|---|
| 001 | 14700 | ||
| 003 | cru CIDCACS/IIS | ||
| 005 | 20200925160231.0 | ||
| 008 | 180618b ||||| |||| 00| 0 spa d | ||
| 999 | |c 4660 |d 4660 | ||
| 020 | |a 92-828-3193-0 | ||
| 022 | |a 92-828-3193-0 | ||
| 040 | |c CRAI/IIS |a CRAI/IIS | ||
| 090 | |a 11.02.02 B213i | ||
| 110 | |a Banco Europeo de Inversiones | ||
| 245 | |a Informe Anual: 1997 | ||
| 260 | |a s.l.: |b BEI | ||
| 300 | |a 119 p. | ||
| 300 | |b **no definido** |b il. |b fonodiscos |b map. | ||
| 520 | |a Se presenta el informe anual del Banco Europeo de Inversiones para el año de 1997. Se presentan datos sobre el apoyo a las políticas de cooperación con terceros países, captación de recursos, los órganos decisorios y el funcionamiento del BEI, y los aspectos financieros | ||
| 650 | |a ECONOMIA | ||
| 650 | |a BANCOS | ||
| 650 | |a EUROPA | ||
| 942 | |2 ddc |c LI | ||



